000
00387nam a22001697a 4500
003
MPLRDC
005
20220104114616.0
008
210129b ||||| |||| 00| 0 eng d
082
_a
544.8 YZW
100
_a
叶哲武编译
245
_a
第二春
_c
250
_a
第二版
260
_a
_b
源成文化图书供应社
_c
1979
300
_b
平
650
_a
942
_c
BK
_o
544.8 YZW
999
_c
8820
_d
8810